000 00739nam a2200229 a 4500
001 000015913
003 DO-SdBNP
005 20211202121942.0
008 100222s1985 dr 000 0 spa d
040 _aDO-SdBNP
_bspa
_cBNPHU
082 4 _a342.729302
_bR426c, 1985
_222
110 1 _aRepública Dominicana.
_9447
240 1 0 _aConstitución
245 1 0 _aConstitución de la República Dominicana.
260 _aSanto Domingo :
_bJunta Central Electoral,
_c1985.
300 _a62 p. ;
_c19 cm.
590 _aInventariado, 2018/ YL
651 4 _aRepública Dominicana
_xConstitución (1966)
_910405
651 4 _aRepública Dominicana
_zDerecho constitucional
_9449
910 _aValidado. Control de calidad EMS
942 _2ddc
_cLBS1
999 _c15455
_d15455